India-once more to the polls (Record no. 27276)

000 -LEADER
fixed length control field 00336pab a2200133 454500
008 - FIXED-LENGTH DATA ELEMENTS--GENERAL INFORMATION
fixed length control field 180718b xxu||||| |||| 00| 0 eng d
100 ## - MAIN ENTRY--PERSONAL NAME
Personal name Austin Dennis
245 ## - TITLE STATEMENT
Title India-once more to the polls
362 ## - DATES OF PUBLICATION AND/OR SEQUENTIAL DESIGNATION
Dates of publication and/or sequential designation (329), Jan 1994, p.213-21
650 ## - SUBJECT ADDED ENTRY--TOPICAL TERM
Topical term or geographic name entry element Elections -- India
700 ## - ADDED ENTRY--PERSONAL NAME
Personal name Gupta Anirudha
773 ## - HOST ITEM ENTRY
Main entry heading Round Table
909 ## -
-- 27276
Holdings
Withdrawn status Lost status Damaged status Not for loan Permanent Location Current Location Date acquired Barcode Date last seen Price effective from Koha item type
        Indian Institute of Public Administration Indian Institute of Public Administration 2018-07-19 AR27378 2018-07-19 2018-07-19 Articles

Powered by Koha